LEADER 01392nam a2200313 u 4500 001 000000041241 003 CaOOAMICUS 005 20070226114207.0 008 981117s1998 enk u000 u eng u 020 $a0860786803 035 $a10808214 040 $aEFR$bita 100 1 $aDuggan, Charles.$0(OLS)http://pul/name/30368 240 10$aSelections$9(Duggan, Charles).$0(OLS)http://pul/title/55664 245 10$aDecretals and the creation of "new law" in the twelfth century / :$bjudges, judgements, equity and law /$cCharles Duggan. 260 $aAldershot :$bAshgate Publishing Ltd.,$cc1998. 300 $a[vx, 346] p. ;$c24 cm 490 1 $aCollected studies series ;$v607 500 $aRecueil d'articles parus dans divers ouvrages. 504 $aBibliographie en note. 650 0$aCanon law$xHistory.$2//eng$0(OLS)http://pul/subject/400 830 0$aCollected studies series ;$v607.$0(OLS)http://pul/title/72 850 $aPUL 852 $aPUL$W1$xSL Diritto Canonico 1$y5$m156 A 29$j55910$nBK-PRI$b $qStampati$B55910$CPULBib$Z2$F55910 $H $81 941 1 $a8 961 $aINV: 88602 996 $6020$a0860786803$9(OLS)http://pul/number/51359 996 $6245$aDecretals and the creation of "new law" in the twelfth century$9(OLS)http://pul/title/55665 996 $6260$aAldershot :$bAshgate Publishing Ltd.$9(OLS)http://pul/publisher/64511 LEADER 01011nam a2200253 u 4500 001 000000059983 003 CaOOAMICUS 005 20070226120848.0 008 010709s1963 gw u000 u ger u 035 $a10896637 040 $aPUL(R)$bita 100 1 $aHeinrichs, Maurus.$0(OLS)http://pul/name/41215 245 10$aKatholische Theologie und Asiatisches Denken /$cMaurus Heinrichs. 260 $aMainz :$bM. Grünewald,$cc1963. 300 $a270 p. ;$c21 cm 504 $aBibliografia in nota. 650 4$aFilosofia orientale$xStoria.$0(OLS)http://pul/subject/19864 650 4$aCristianesimo e altre religioni.$0(OLS)http://pul/subject/268 850 $aPUL 852 $aPUL$W1$xSL Religione 1$y3$m58 C 73$j78161$nBK-PRI$b $qStampati$B78161$CPULBib$Z2$F78161 $H $81 941 1 $a8 961 $aINV: 63406 996 $6245$aKatholische Theologie und Asiatisches Denken$9(OLS)http://pul/title/80228 996 $6260$aMainz :$bM. Grünewald$9(OLS)http://pul/publisher/57873